Máximas, consejos e instrucciones sobre el arte de la guerra (Registro nro. 21946)

Detalles MARC
000 -Cabecera
Campo de control interno 00823nam a2200253Ia 4500
005 - Fecha y hora del registro
control field 20260320113327.0
008 - Elementos de Longitud Fija
fixed length control field 260320s9999||||xx |||||||||||||| ||und||
020 ## - ISBN
ISBN 9786124861901
041 ## - Idioma
Codigo Idioma ESP
082 ## - DEWEY y NOTACIÓN INTERNA
Dewey 355
Notación Interna B72
100 ## - AUTOR
Autor denominación Bolognesi Cervantes, Mariano,
Término de relación autor
245 #0 - TÍTULO DE MATERIAL BIBLIOGRÁFICO
Título Máximas, consejos e instrucciones sobre el arte de la guerra
Título paralelo
246 ## - TÍTULO TRADUCIDO
Título
Título paralelo
Autor
260 ## - CIUDAD, EDITORIAL, AÑO
Ciudad Lima :
Nombre de la Editorial Somos Libres,
Año 2021
300 ## - DESCRIPCIÓN
N° Páginas 238 páginas :
Otros detalles Ilustraciones, fotografías, diagramas ;
Dimensiones 21 cm.
Material Adicional
440 ## - MENCIÓN DE SERIE
Título de la Serie
Número de Serie
Volumen de Serie
650 ## - TEMAS
Temas Ciencias Sociales
653 ## - DESCRIPTORES
Lenguajes no controlado Ciencia militar; Guerra; Táctica militar
654 ## - PROGRAMAS
Programa Dpto. de Administración de Negocios
700 ## - OTROS AUTORES
Otros autores Cam, Luis Enrique,
Títulos y otras palabras asociadas con el nombre editor
856 ## - URL - UBICACIÓN
URI/URL: Enlace exacto del recurso <a href="https://0u20jm8nq-y-https-www-jstor-org.itmsp.museknowledge.com/">https://0u20jm8nq-y-https-www-jstor-org.itmsp.museknowledge.com/</a>
Nota pública: Versión digital <a href="Véase además: Base de datos JSTOR">Véase además: Base de datos JSTOR</a>
942 ## - ELEMENTOS DE KOHA
Tipo de documento Libro
Nombre del creador Justo Noguera
Código de catalogador Margarita Torres
Esquema de clasificación Dewey Decimal Classification
Suppress in OPAC
Existencias
Codigo completo Registro Colección Copia número Disponibilidad Tipo de préstamo Biblioteca Actual Procedencia (Biblioteca) Ubicacón Fecha Ingreso Tipo de Adquisición Observación Date last seen Total checkouts Price effective from Tipo de Item Estado del Material Fuente de Clasificación Damaged status Withdrawn status
355 B72 1086507 Universidad Católica San Pablo 1 Disponible Disponible Víctor Andrés Belaunde Víctor Andrés Belaunde Planta baja abierta 10/03/2026 Donación Familia Bolognesi 20/03/2026   20/03/2026 Libro Bueno Dewey Decimal Classification